Gerry Cinnamon discography - Statistics

General Stats
  • This quiz has been taken 85 times
  • The average score is 10 of 23
Answer Stats
Song % Correct
Canter
94%
Belter
89%
Sometimes
79%
Diamonds in the mud
63%
Where we're going
60%
Lullaby
57%
Kampfire Vampire
54%
Sun Queen
54%
The Bonny
54%
What have you done
54%
Dark Days
52%
Erratic Cinematic
33%
War TV
33%
Fortune Favours the Bold
32%
War Song Soldier
32%
Keysies
29%
Head in the Clouds
25%
Roll the Credits
25%
Mayhem
17%
Six String Gun
16%
Every Man's Truth
13%
Outsiders
10%
Hope Over Fear
5%
No matching quizzes found
Score Distribution
Percent of People with Each Score
Percentile by Number Answered
Your Score History
You have not taken this quiz